00642cam a2200181 a 4500020001500000040000800015082002600023245005600049260014300105300003400248500002000282650001900302700001800321700002100339700002300360710003100383710004600414 a9579539049 cDLC00a636 TAI 1991 C156 Or.00aCatalogue of the native poultry of Southeast Asia / aTaipei :bFood and Fertilizer Technology Center for the Asian and Pacific Region ;aTainan :bTaiwan Livestock Research Institute,c[1991] a127 p. :bcol. ill. ;c26 cm. a"October 1991." 0aPoultry breeds1 aWu, Ming-Che.1 aGuzman, M. R. de1 aBay-Petersen, Jan.2 aAsian and Pacific Council.2 aTʻai-wan sheng chʻu chʻan shih yen so.